Literatura Česká devatenáctého století Díl druhý

Bibliographic Details
Main Author: Hanuš, Josef, 1862-1941 (Author)
Format: Book
Language:Undetermined
Published: Praha 1903

MARC

LEADER 00000nam a2200000 a 4500
001 vtls001381681
003 SK-MaSNL
005 20260301115601.0
008 240314s1903 xx 0 und
035 |a SNK000335712 
040 |a SNK  |b slo  |c SNK  |e AACR2 
041 0 |a und 
044 |a xx 
100 1 |a Hanuš, Josef,  |d 1862-1941  |4 aut  |9 182213 
245 1 0 |a Literatura Česká devatenáctého století  |b Díl druhý 
260 |a Praha  |c 1903 
300 |a 884 s. 
958 |a ONDV 
999 |c 722721  |d 724651 
952 |t P60, <04>, [BOOK], {604}  |a SNK  |b SNK  |y VYP  |7 0  |p 17A0225315  |o snkIC 19183/2  |0 0  |1 0  |4 0  |d 2000-01-26  |l 0  |r 2005-01-02 00:00:00  |w 2026-02-23